000 00518nam a2200217Ia 4500
003 OSt
005 20220928144557.0
006 a|||||r|||| 00| 0
007 ta
008 220927b |||||||| |||| 00| 0 eng d
024 _a72184
037 _cTextual
040 _aSDCL
_cSDCL
_beng
041 _2eng
_aeng
082 _aO-,1K08:g, J9
100 _aDaiches David
_9508491
245 0 _aMilton.
260 _c1940
942 _hO-,1K08:g, J9
_cTEXL
_2CC
999 _c828240
_d828240